The United Nations and the Superpowers: (Record no. 13045)
[ view plain ]
| 000 -LEADER | |
|---|---|
| fixed length control field | 01133cam a22002771 4500 |
| 001 - CONTROL NUMBER | |
| control field | 4532793 |
| 005 - DATE AND TIME OF LATEST TRANSACTION | |
| control field | 19921001160738.4 |
| 008 - FIXED-LENGTH DATA ELEMENTS--GENERAL INFORMATION | |
| fixed length control field | 711124s1965 nyu | b 000 0 eng d |
| 010 ## - LIBRARY OF CONGRESS CONTROL NUMBER | |
| LC control number | 65023342 |
| 040 ## - CATALOGING SOURCE | |
| Original cataloging agency | DLC |
| Transcribing agency | DLC |
| Modifying agency | DLC |
| 043 ## - GEOGRAPHIC AREA CODE | |
| Geographic area code | e-ur--- |
| -- | n-us--- |
| 050 00 - LIBRARY OF CONGRESS CALL NUMBER | |
| Classification number | JX1977 |
| Item number | .S795 |
| 082 00 - DEWEY DECIMAL CLASSIFICATION NUMBER | |
| Classification number | 341.23 |
| Item number | STO |
| Edition number | 22 |
| 100 1# - MAIN ENTRY--PERSONAL NAME | |
| Personal name | Stoessinger, John George. |
| 9 (RLIN) | 9968 |
| 245 14 - TITLE STATEMENT | |
| Title | The United Nations and the Superpowers: |
| Remainder of title | United States-Soviet interaction at the United Nations/ |
| Statement of responsibility, etc | John G. Stoessinger with the assistance of Robert G. McKelvey. |
| 260 ## - PUBLICATION, DISTRIBUTION, ETC. (IMPRINT) | |
| Place of publication, distribution, etc | New York: |
| Name of publisher, distributor, etc | Random House, |
| Date of publication, distribution, etc | 1965 |
| 300 ## - PHYSICAL DESCRIPTION | |
| Extent | xvii, 206 p. |
| Dimensions | 19 cm. |
| 500 ## - GENERAL NOTE | |
| General note | Donated by: Alaa Abdel Ghany |
| 504 ## - BIBLIOGRAPHY, ETC. NOTE | |
| Bibliography, etc | Includes bibliographies. |
| 610 20 - SUBJECT ADDED ENTRY--CORPORATE NAME | |
| Corporate name or jurisdiction name as entry element | United Nations |
| Geographic subdivision | United States. |
| 9 (RLIN) | 9969 |
| 610 20 - SUBJECT ADDED ENTRY--CORPORATE NAME | |
| Corporate name or jurisdiction name as entry element | United Nations |
| Geographic subdivision | Soviet Union. |
| 9 (RLIN) | 9970 |
| 650 #0 - SUBJECT ADDED ENTRY--TOPICAL TERM | |
| Topical term or geographic name as entry element | Great powers. |
| 9 (RLIN) | 9971 |
| 700 ## - ADDED ENTRY--PERSONAL NAME | |
| 9 (RLIN) | 9999 |
| Personal name | McKelvey, Robert G. |
| 942 ## - ADDED ENTRY ELEMENTS (KOHA) | |
| Source of classification or shelving scheme | Dewey Decimal Classification |
| Item type | Book - Borrowing |
| Withdrawn status | Item status | Source of classification or shelving scheme | Damaged status | Not for loan | Vendor | Home library | Current library | Shelving location | Date acquired | Source of acquisition | Total Checkouts | Total Renewals | Full call number | Barcode | Date last seen | Date last borrowed | Koha item type | Public note |
|---|---|---|---|---|---|---|---|---|---|---|---|---|---|---|---|---|---|---|
| Dewey Decimal Classification | Central Library | Central Library | First floor | 15/12/2009 | Donation | 3 | 2 | 341.23 STO | 000019258 | 15/07/2025 | 13/03/2016 | Book - Borrowing | donated by Alaa Abdel Ghaney |